000 00450 a2200181 4500
001 139009
020 _a9788574069180
040 _cLeonardo Da Vinci
041 _aPortuguês
082 _aI R798t
_bR798t
100 _aROSKIFTE, Kristin
245 _aTodas as pessoas contam
260 _bCompanhia das Letrinhas
_c2022
_aSão Paulo
300 _a[35] p
362 _a20220000
697 _aLiteratura infantojuvenil
_aInclusão
942 _cBK
999 _c139009
_d139009